000 02787cam a2200337 4500500
005 20260322010027.0
041 _afre
042 _adc
100 1 0 _aGentilucci, Eleonora
_eauthor
245 0 0 _aDépenses militaires et dynamiques de restructuration du secteur de la défense
260 _c2013.
500 _a1
520 _aCet article est développé en deux sections. Dans la première nous essayons d’expliquer la dynamique des dépenses militaires et d’autres dépenses sociales dans la période 1988-2010 aux États-Unis. D’après les données empiriques, nous soutenons la thèse selon laquelle il y a un remarquable effet d’arbitrage dans l’allocation des dépenses publiques, car souvent, l’augmentation des dépenses militaires est faite au détriment des dépenses pour l’éducation, la sécurité sociale et la santé. Dans la deuxième section, nous analysons la transition de l’ancien « complexe militaro-industriel » au nouveau « système militaro-sécuritaire », compte tenu de la restructuration de l’industrie de la défense. Nous mettons l’accent, en particulier, sur le rôle de la financiarisation et de la concentration industrielle des entreprises. Codes JEL : H, H56, L, N4, P
520 _aMilitary spending and dynamics of restructuring in the defense sectorThis article is articulated in two sections. In the first one we try to explain the dynamics of military spending and other social expenditures in the period 1988-2010 for the United States. According to empirical data we support the argument that there is a remarkable trade-off in the allocation of public spending, because, often, the increase in military expenditures was to detriment of those for education, social security and health. In the second section we analyze the transition from the old “military-industrial complex” to the new “military-security system” in the light of defense industry restructuring. We focus in particular on the role of financialization and industrial concentration of firms. JEL Codes: H, H56, L, N4, P
690 _acomplexe militaro-industriel
690 _aconcentration industrielle
690 _adépenses militaires
690 _aeffet d'arbitrage
690 _afinanciarisation
690 _asecteur de la défense
690 _asystème militaro-sécuritaire
690 _aarbitrage effect
690 _adefense industry
690 _afinancialization
690 _aindustrial concentration
690 _amilitary expenditure
690 _amilitary-industrial complex
690 _amilitary-security system
786 0 _nInnovations | 42 | 3 | 2013-08-02 | p. 109-125 | 1267-4982
856 4 1 _uhttps://shs.cairn.info/revue-innovations-2013-3-page-109?lang=fr&redirect-ssocas=7080
999 _c1753299
_d1753299